Datum a čas kvízu
22
Celkem bodů
Celkový počet nahraných bodů na tomto kvízu bez doplňovacích otázek.
7.
Pořadí na kvízu
Konečné umístění týmu na tomto kvízu.
Zaznamenané odpovědi
| # | Otázka | Odpověď | Body | Výsledky |
|---|---|---|---|---|
| 1. | Klub českých turistů vyvěsil m... | 0 | ||
| 2. | Jedna evropská země vydala pop... | 1 | ||
| 3. | Vrcholem popularity této zpěva... | 1 | ||
| 4. | Bývalý ministr obrany Jaroslav... | 0 | ||
| 5. | Lewis Hamilton z týmu Mercedes... | 0 | ||
| 6. | V různých seriálech se objevil... | 1 | ||
| 7. | Napište jména herců, kteří ztv... | 1 | ||
| 8. | Walter White a Jesse Pinkman.... | 1 | ||
| 9. | Excentrický sedmdesátiletý věd... | 1 | ||
| 10. | A nakonec dvojice z českých ve... | 0 |